Adaptívne algoritmy pre umelý pankreas

Salvato in:
Dettagli Bibliografici
Autore principale: Ottinger, Ivan, 1987- (Autore)
Altri autori: Murgaš, Ján (Relatore della tesi)
Natura: Manoscritto Libro
Lingua:slovacco
Pubblicazione: Bratislava : STU v Bratislave FEI, 2015
Soggetti:
Accesso online:http://is.stuba.sk/zp/portal_zp.pl?podrobnosti=100371
Tags: Aggiungi Tag
Nessun Tag, puoi essere il primo ad aggiungerne!!

MARC

LEADER 00000ntm a22000003a 4500
001 stuzp35572
003 SK-STU
005 20230413105719.5
007 ta
008 150427s2015----xo-----f-mn---000-0-slo-d
040 |a STU  |b slo 
041 0 |a slo 
100 1 |a Ottinger, Ivan,  |d 1987-  |u 031000  |4 aut  |U FEI Fakulta elektrotechniky a informatiky  |T FEI Ústav robotiky a kybernetiky  |X 51297  |U E011  |Y 356  |7 A000051297 
242 0 1 |a Adaptive Algorithms for Artificial Pancreas  |y eng 
245 1 0 |a Adaptívne algoritmy pre umelý pankreas 
260 |a Bratislava :  |b STU v Bratislave FEI,  |c 2015 
650 4 |a koncentrácia glukózy  |2 slo 
650 4 |a dopravné oneskorenie  |2 slo 
650 4 |a diabetes 1. typu  |2 slo 
650 4 |a adaptívny riadiaci systém  |2 slo 
650 4 |a MRAC  |2 slo 
650 4 |a diabetes mellitus type 1  |2 eng 
650 4 |a adaptive control  |2 eng 
650 4 |a MRAC  |2 eng 
650 4 |a time delay  |2 eng 
650 4 |a glucose concentration  |2 eng 
700 1 |a Murgaš, Ján  |4 ths  |X 4933  |7 A000004933 
856 4 |u http://is.stuba.sk/zp/portal_zp.pl?podrobnosti=100371 
996 |b 284ED01511  |c E*ZP-356  |l EE01  |s A  |a 24  |w stuzp35572_0001 
SQL |a stuzp35572  |b DDZ  |c SLO  |d Adaptívne algoritmy pre umelý pankreas  |e 51297  |f Ottinger, Ivan  |g 031000  |h 4933  |i Murgaš, Ján  |j 20150825  |k 95  |l 03  |m http://is.stuba.sk/zp/portal_zp.pl?podrobnosti=100371  |n D-KYB  |o 9.2.7. kybernetika